First-order logic

Uloženo v:
Podrobná bibliografie
Hlavní autor: Smullyan, Raymond M (Autor)
Médium: Kniha
Jazyk:angličtina
Vydáno: Nueva York Dover 1995
Edice:Dover Books on Mathematics
Témata:
Tagy: Přidat tag
Žádné tagy, Buďte první, kdo vytvoří štítek k tomuto záznamu!

MARC

LEADER 00000nam a2200000 a 4500
001 UCO6588
003 CL-VaPUC
008 001027e19950000US |||||||||||||||||eng|d
082 0 4 |a 511.3  |b SMU  |2 21 
100 0 |a Smullyan, Raymond M  |e author  |9 451339 
245 1 0 |a First-order logic 
300 |a 158 p 
942 |c BK 
945 |d 20001027 00:00:00  |a vberengu 
260 |a Nueva York  |b Dover  |c 1995 
650 0 |a Lógica matemática   |9 262442 
650 0 |a Cálculo proposicional   |9 421897 
650 0 |a Teoría de números  |9 265327 
650 0 |a Teoría de conjuntos   |9 265668 
650 0 |a Razonamiento  |9 256520 
650 7 |a CALCULO DE RELACIONES  |2 CL-VaPUC  |9 422817 
583 |a last modification  |c 20001027 00:00:00  |k Rodrigo Vera 
490 0 |a Dover Books on Mathematics 
999 |c 292070  |d 292068 
952 |0 0  |1 0  |4 0  |6 511_300000000000000_SMU_1995  |7 0  |8 A  |9 342622  |a BIBMAT  |b BIBMAT  |d 2019-11-20  |i 3662330  |o 511.3 SMU 1995  |p 3662330  |r 2025-01-07  |w 2019-11-20  |y BK  |k MAT